000 00612nam a22001817a 4500
005 20231108115556.0
010 _aENG-138264
020 _c620.00
_a9789355013712
035 _aEN-121796
037 _bDBAD/PUB
082 _a510
100 _aMalhotra, O.P
_958310
245 _aS.Chand's ICSE Mathematics/
_cBy O.P Malhotra; S.K Gupta and Anubhuti Gangal
260 _aNEW DELHI
_bS CHAND SCHOOL BOOKS
_c2022
270 _bDelhi
_k011-66672000
_aB-1/D-1, Ground Floor , Mohan Co-operative Industrial Estate ,Mathura Road
_e110044
300 _a225p.
_c25cm.pbk
942 _2ddc
_cEN
_mMAL
_h510
999 _c198756
_d198756